000 00333nam a22001457a 4500
003 SGT
020 _a9788119613557
082 _a612.015
_bKOH
100 _aKOHLI ANKIT
245 _aA TEXTBOOK OF BIOCHEMISTRY AND CLINICAL PATHOLOGY
260 _aINDIA
_bIP
_c2026
300 _a229
650 _aBIOCHEMISTRY
942 _2ddc
_cBK
999 _c34146
_d34146